00497nam a2200157Ia 450000500170000000800410001708200130005810000190007124500320009026000280012230000130015050000560016394200060021995200990022599900150032420250318023755.0240331s9999 xx 000 0 und d bKRIa894 aKrishnasamy, P 0aJeyakanthan ilakkiya thadam aBangalorebKaavyac1997 a255 p ., aA collection of essays on Jayakanth and his writing cL 001040708LaWERCLbWERCLcSSCd2024-03-31l0o 894.811 KRIp4619r2024-03-31w2024-03-31yL c3867d3867